| 000 | 00000nam 2200000za 4500 |
| 001 | 9.674704 |
| 003 | CaOODSP |
| 005 | 20250125192411 |
| 007 | cr ||||||||||| |
| 008 | 150407|2009||||xxc|||||o f|0| 0 hin d |
| 020 | |a978-0-662-03128-4 |
| 040 | |aCaOODSP|bfre |
| 043 | |an-cn--- |
| 086 | 1 |aCi4-12/2009Hin-PDF|zCi4-12/2009Hi-PDF |
| 110 | 1 |aCanada. |bCitoyenneté et immigration Canada. |
| 245 | 10|a[Fraude en matière d'immigration] |h[ressource électronique]. |
| 250 | |a[Édition hindi]. |
| 260 | |aOttawa - Ontario : |bCitoyenneté et Immigration Canada |c[2009?]. |
| 300 | |a1p. |
| 546 | |aTexte en Hindi. |
| 590 | |a11-05-Supp|b2011-03-15 |
| 691 | 07|aFraude|2gcpds |
| 691 | 07|aImmigration|2gcpds |
| 791 | |t[Immigration fraud] |eeng|w(CaOODSP)9.674703 |
| 856 | 40|ahttp://publications.gc.ca|qPDF|s203 Ko|uhttps://publications.gc.ca/collections/collection_2011/cic/Ci4-12-2009-hin.pdf |